| 000 | 00979cam a22002774a 4500 | ||
|---|---|---|---|
| 001 | 13067546 | ||
| 003 | NUST - PNEC | ||
| 005 | 20170116180816.0 | ||
| 008 | 030124s2003 caua b 001 0 eng | ||
| 010 | _a 2003043448 | ||
| 020 | _a1891389297 | ||
| 020 | _a1891389246 (acidfree paper) | ||
| 040 |
_aDLC _cLIBRARY _dDLC |
||
| 042 | _apcc | ||
| 050 | 0 | 0 |
_aQA37.3 _b.M36 2003 |
| 082 | 0 | 0 | _a510 MCQ |
| 100 | 1 |
_aMcQuarrie, Donald A. _q(Donald Allan) |
|
| 245 | 1 | 0 |
_aMathematical methods for scientists and engineers / _cDonald A. McQuarrie. |
| 260 |
_aSausalito, Calif. : _bUniversity Science Books, _cc2003. |
||
| 300 |
_axiii, 1161 p. : _bcol. ill. ; _c25 cm. |
||
| 504 | _aIncludes bibliographical references and index. | ||
| 650 | 0 |
_aMathematics. _xME |
|
| 906 |
_a7 _bcbc _corignew _d1 _eocip _f20 _gy-gencatlg |
||
| 942 |
_2ddc _cBK |
||
| 999 |
_c63532 _d63532 |
||